LEADER 02104nam a2200325 u 4500 001 000000069065 003 CaOOAMICUS 005 20070226121852.0 008 020405s18781879it u000 u und u 035 $a10925594 040 $aPUL(R)$bita 100 1 $aMoroni, Gaetano,$d1802-1883.$0(OLS)http://pul/name/4136 245 10$aIndice generale alfabetico delle materie del Dizionario di erudizione storico-ecclesiastica /$ccompilato dall'autore stesso cav. Gaetano Moroni romano .. 246 30$aDizionario di erudizione storico-ecclesiastica 246 38$aIndice del dizionario 260 $aVenezia :$bTipografia Emiliana,$c1878-1879. 300 $a6 v. ;$c22 cm 650 4$aChiesa$xStoria$vDizionari.$0(OLS)http://pul/subject/2231 850 $aPUL 852 $aPUL$W1$xDP1 Antico 800$y27$m2014 E 1-6$j89285$nBK-PRI$b $qStampati Antico$B89285$CPULBib$Z2$F89285 $H $81 852 $aPUL$W1$xDP1 Antico 800$y27$m2014 E 1-6$j89285$nBK-PRI$b $qStampati Antico$B89286$CPULBib$Z2$F89286 $H $81 852 $aPUL$W1$xDP1 Antico 800$y27$m2014 E 1-6$j89285$nBK-PRI$b $qStampati Antico$B89287$CPULBib$Z2$F89287 $H $81 852 $aPUL$W1$xDP1 Antico 800$y27$m2014 E 1-6$j89285$nBK-PRI$b $qStampati Antico$B89288$CPULBib$Z2$F89288 $H $81 852 $aPUL$W1$xDP1 Antico 800$y27$m2014 E 1-6$j89285$nBK-PRI$b $qStampati Antico$B89289$CPULBib$Z2$F89289 $H $81 852 $aPUL$W1$xDP1 Antico 800$y27$m2014 E 1-6$j89285$nBK-PRI$b $qStampati Antico$B89290$CPULBib$Z2$F89290 $H $81 941 1 $a15 996 $6245$aIndice generale alfabetico delle materie del Dizionario di erudizione storico-ecclesiastica$9(OLS)http://pul/title/91241 996 $6246$aDizionario di erudizione storico-ecclesiastica$9(OLS)http://pul/title/91242 996 $6246$aIndice del dizionario$9(OLS)http://pul/title/91243 996 $6260$aVenezia :$bTipografia Emiliana$9(OLS)http://pul/publisher/50206 LEADER 01272nam a2200277 u 4500 001 000000079745 003 CaOOAMICUS 005 20070226123554.0 008 040611s2003 it u000 u ita u 020 $a8809032349 035 $a10998840 040 $aPUL$bita 245 00$aConsegnare la memoria :$bmanuale di archivistica ecclesiastica /$ca cura di Emanuele Boaga, Salvatore Palese, Gaetano Zito. 260 $aFirenze :$bGiunti,$c2003. 300 $a351 p. ;$c30 cm 500 $aIn testa al front. : Associazione archivistica ecclesiastica. 650 4$aArchivistica ecclesiastica$xManuali, compendi, ecc.$0(OLS)http://pul/subject/27685 700 1 $aBoaga, Emanuele,$cO.C.$0(OLS)http://pul/name/53125 700 1 $aZito, Gaetano.$0(OLS)http://pul/name/15072 700 1 $aPalese, Salvatore.$0(OLS)http://pul/name/1186 850 $aPUL 852 $aPUL$W1$xSL Cons. Gen., Altre Classi 3$y75$m026. 282 BOAEM 1$j101982$nBK-PRI$b $qDDC 21$B101982$CPULBib$Z2$F101982 $H95358 $82 941 1 $a9 996 $6020$a8809032349$9(OLS)http://pul/number/105035 996 $6245$aConsegnare la memoria :$bmanuale di archivistica ecclesiastica$9(OLS)http://pul/title/104458 996 $6260$aFirenze :$bGiunti$9(OLS)http://pul/publisher/64498